Лопастные насосы (центробежные помпы): основные законы их действия и практические указания для их проектирования

Manylion Llyfryddiaeth
Prif Awdur: Брикс Ф. А.
Iaith:Rwseg
Cyhoeddwyd: Санкт-Петербург, Типография Морского министерства, 1896
Pynciau:
Fformat: Llyfr
KOHA link:https://koha.lib.tpu.ru/cgi-bin/koha/opac-detail.pl?biblionumber=239852

MARC

LEADER 00000nam0a2200000 4500
001 239852
005 20231101231713.0
035 |a (RuTPU)RU\TPU\book\261079 
090 |a 239852 
100 |a 20130615d1896 k y0rusy50 ca 
101 0 |a rus 
102 |a RU 
105 |a a z 000zy 
200 1 |a Лопастные насосы (центробежные помпы)  |e основные законы их действия и практические указания для их проектирования  |f Ф. А. Брикс 
210 |a Санкт-Петербург  |c Типография Морского министерства  |d 1896 
215 |a 178 с.  |c ил. 
316 |5 63413507: 29//243  |a Николаю Васильевичу Афанасьеву на добрую память от автора 
606 1 |a Лопастные насосы  |2 stltpush  |3 (RuTPU)RU\TPU\subj\40617  |9 60460 
610 1 |a помпы 
610 1 |a основные законы 
610 1 |a действия 
610 1 |a проектирование 
610 1 |a гидродинамика 
610 1 |a лопастные машины 
610 1 |a отливы 
675 |a 621.67  |v 3 
700 1 |a Брикс  |b Ф. А. 
801 1 |a RU  |b 63413507  |c 20130615 
801 2 |a RU  |b 63413507  |c 20130816  |g RCR 
942 |c BK